| 000 | 00742nam a22002417a 4500 | ||
|---|---|---|---|
| 001 | 352703 | ||
| 003 | DO-SdBNP | ||
| 005 | 20180126112343.0 | ||
| 007 | 352703 | ||
| 008 | 931008s1993 sp | |||| ||spa | ||
| 016 | 7 | _2BPMSU | |
| 020 | _a8481300187 | ||
| 040 |
_aBPMSU _bspa _cBPMSU |
||
| 100 | 1 |
_aBorges, Jorge Luis _d1899-1986 |
|
| 245 | 1 | 3 |
_aEl jardÃn de senderos que se bifurcan / _cJorge Luis Borges |
| 260 |
_aBarcelona : _bPrimera Plana, _c1993 |
||
| 300 |
_a93 p.: _c21 cm. |
||
| 490 |
_aGrandes autores. Biblioteca de literatura universal _v19 |
||
| 830 |
_pGrandes autores. Biblioteca de literatura universal _v19 |
||
| 942 |
_2ddc _cBK |
||
| 945 | _aInventariado, 2018 / BT | ||
| 956 |
_aVMATEO _210 _320151118 _6BPMSU _800151 |
||
| 999 |
_c8798 _d8798 |
||